| 000 | 01821nam a2200277 a 4500 | ||
|---|---|---|---|
| 001 | 000003253 | ||
| 003 | DO-SdBNP | ||
| 005 | 20250621074004.0 | ||
| 008 | 090707s2006 dr ac 000 0 spa d | ||
| 020 | _a9945410113 | ||
| 040 |
_aDO-SdBNP _bspa _cBNPHU |
||
| 082 |
_a972.93 _bD671h |
||
| 100 | 1 |
_aDomínguez, Jaime de Jesús _d1947- _910244 |
|
| 245 | 1 | 0 |
_aHistoria dominicana / _cJaime de Jesús Domínguez. |
| 260 |
_aSanto Domingo : _bBreve Letra Gráfica, _c2006. |
||
| 300 |
_a294p : _bil., map., retrs. ; _c18cm. |
||
| 500 | _aBibliografía: p. 292-294 | ||
| 505 | 0 | _aLos indígenas de La Española -- Colón y el descubrimiento de América -- La factoría colombina -- La insurrección de Roldán -- El Gobierno de Ovando -- Diego Colón. Padres Jerónimos. Enriquillo -- La industria azucarera colonial -- Los negros esclavos -- Las devastaciones de Osorio -- Santo Domingo francés y español -- Las primeras invasiones haitianas -- La era de Francia en Santo Domingo -- La España Boba. Independencia Efímera -- La ocupación haitiana -- La primera república -- La anexión a España -- Julio de 1865. Julio de 1886 -- La Dictadura de Heureaux -- Los inicios del siglo XX -- La primera ocupación estadounidense -- El tercer gobierno de Horacio Vásquez -- La dictadura de Trujillo -- Hacia la democracia representativa -- Bibliografía. | |
| 651 | 1 | 4 |
_aRepública Dominicana _xHistoria _9170 |
| 651 | 1 | 0 |
_aRepública Dominicana -- _xHistoria -- _yDescubrimiento y conquista, 1492-1503 _9255 |
| 651 | 1 | 4 |
_aRepública Dominicana _xHistoria _yOcupación haitiana, 1822-1844 _97666 |
| 651 | 1 | 0 |
_aRepública Dominicana -- _xHistoria -- _yOcupación norteamericana, 1916-1924 _91926 |
| 651 | 1 | 0 |
_aRepública Dominicana _xPolítica y gobierno _945 |
| 910 | _aValidado. Control de calidad MFF | ||
| 942 |
_2ddc _cLBS1 |
||
| 999 |
_c3084 _d3084 |
||